Cuando sopla el hamsin / (Registro nro. 14096)
[ vista simple ]
| 000 -LIDER | |
|---|---|
| fixed length control field | 00666nam a22002417a 4500 |
| 003 - IDENTIFICACDOR DE NÚMERO DE CONTROL | |
| control field | DO-SdBNP |
| 005 - DATE AND TIME OF LATEST TRANSACTION | |
| control field | 20220429111428.0 |
| 008 - ELEMENTOS DE LONGITUD FIJA | |
| fixed length control field | 220321b2009 cl ||| |||| 00| 0 spa d |
| 020 ## - ISBN | |
| International Standard Book Number | 9789584221384 |
| 020 ## - ISBN | |
| International Standard Book Number | 9789584221384 |
| 040 ## - FUENTE DE CATALOGACIÓN | |
| Agencia que crea de manera original el registro | BPMSU |
| Idioma de catalogación | spa |
| Agencia que realiza la transcripción | BPMSU |
| 082 ## - NÚMERO DE CLASIFICACIÓN DECIMAL DE DEWEY | |
| Classification number | U863.6 |
| Item number | V677c 2009 |
| Edition number | 22 |
| 100 ## - ASIENTO PRINCIPAL -- NOMBRE PERSONAL | |
| Nombre personal | Vigil, Mercedes |
| Fechas asociadas con el nombre | 1957- |
| 245 10 - MENCIÓN DE TITULO | |
| Título | Cuando sopla el hamsin / |
| Mención de responsabilidad | Mercedes Vigil |
| 260 ## - PUBLICACIÓN, DISTRIBUCIÓN, ETC. (PIE DE IMPRENTA) | |
| Lugar de publicación, distribución, etc | Bogotá ; |
| Nombre del editor, distribuidor, etc. | Planeta, |
| Fecha de publicación, distribución, etc | 2009 |
| 300 ## - DESCRIPCIÓN FÍSICA | |
| Extensión | 243 p; |
| Dimensiones | 22 cm |
| 590 ## - NOTA LOCAL | |
| Enlace | Inventariado, 2022/VM |
| 650 #4 - ENCABEZAMIENTO DE MATERIA--TEMÁTICO | |
| Término temático o nombre geográfico como elemento de entrada | Novela uruguaya. |
| 650 #4 - ENCABEZAMIENTO DE MATERIA--TEMÁTICO | |
| Término temático o nombre geográfico como elemento de entrada | Medicina mágica |
| Subdivisión de forma | Novela. |
| 650 #4 - ENCABEZAMIENTO DE MATERIA--TEMÁTICO | |
| Término temático o nombre geográfico como elemento de entrada | Novela histórica |
| 910 ## - VALIDACIÓN | |
| Validación | YGarcía /VMateo V. |
| 942 ## - ADDED ENTRY ELEMENTS (KOHA) | |
| Source of classification or shelving scheme | Dewey Decimal Classification |
| Koha item type | Libros |
| Withdrawn status | Lost status | Source of classification or shelving scheme | Damaged status | Not for loan | Home library | Current library | Date acquired | Full call number | Barcode | Date last seen | Price effective from | Koha item type |
|---|---|---|---|---|---|---|---|---|---|---|---|---|
| Dewey Decimal Classification | Biblioteca Pública Metropolitana Salomé Ureña | Biblioteca Pública Metropolitana Salomé Ureña | 03/21/2022 | BPMSU CG U863.6 V677c 2009 | BPMSU22040061 | 03/21/2022 | 03/21/2022 | Libros |